<?xml version="1.0" encoding="UTF-8"?><?xml-stylesheet type="text/xsl" href="static/style.xsl"?><OAI-PMH xmlns="http://www.openarchives.org/OAI/2.0/" xmlns:xsi="http://www.w3.org/2001/XMLSchema-instance" xsi:schemaLocation="http://www.openarchives.org/OAI/2.0/ http://www.openarchives.org/OAI/2.0/OAI-PMH.xsd"><responseDate>2026-06-02T04:52:27Z</responseDate><request verb="GetRecord" identifier="oai:riuma.uma.es:10630/5076" metadataPrefix="marc">https://riuma.uma.es/rest/oai/request</request><GetRecord><record><header><identifier>oai:riuma.uma.es:10630/5076</identifier><datestamp>2026-02-03T12:44:44Z</datestamp><setSpec>com_10630_2254</setSpec><setSpec>col_10630_37957</setSpec></header><metadata><record xmlns="http://www.loc.gov/MARC21/slim" xmlns:dcterms="http://purl.org/dc/terms/" xmlns:doc="http://www.lyncode.com/xoai" xmlns:xsi="http://www.w3.org/2001/XMLSchema-instance" xsi:schemaLocation="http://www.loc.gov/MARC21/slim http://www.loc.gov/standards/marcxml/schema/MARC21slim.xsd">
   <leader>00925njm 22002777a 4500</leader>
   <datafield ind2=" " ind1=" " tag="042">
      <subfield code="a">dc</subfield>
   </datafield>
   <datafield ind2=" " ind1=" " tag="720">
      <subfield code="a">Díaz-Vidiella, Paula del Rosario</subfield>
      <subfield code="e">author</subfield>
   </datafield>
   <datafield ind2=" " ind1=" " tag="260">
      <subfield code="c">2012</subfield>
   </datafield>
   <datafield ind2=" " ind1=" " tag="520">
      <subfield code="a">Tras revisar los diferentes modelos teóricos explicativos de la Inteligencia Emocional, se analiza la conexión del estrés a la misma, y su posible abordaje, dentro del contexto escolar.Se diseña un trabajo experimental con una muestra suficiente, N=413 Alumnos, distribuidos en Grupo Experimental y Grupo de Control, prácticamente simétricos, que fueron evaluados con los   siguientes instrumentos diagnósticos: TMMS-24(2004), TAMAI (2004) y el IIEC (2009) con un diseño de análisis de datos pre-post, de acuerdo con León y Montero (2002, cap. 11).Se les aplicó el "Programa de Inteligencia Emocional para la Convivencia Escolar" de A. Vallés Arándiga (PIECE III).Además de los correspondientes análisis estadísticos entre el GE y el GC, para cada uno de los instrumentos, se realizaron estudios de correlación entre los mismos, y su correspondiente ANOVA.Los resultados son altamente positivos y se aboga por la introducción de Programas de Mejora en Inteligencia Emocional, de modo sistemático, en conexión con la acción tutorial de los centros.</subfield>
   </datafield>
   <datafield ind1="8" ind2=" " tag="024">
      <subfield code="a">http://hdl.handle.net/10630/5076</subfield>
   </datafield>
   <datafield tag="653" ind2=" " ind1=" ">
      <subfield code="a">Inteligencia emocional - Tesis doctorales</subfield>
   </datafield>
   <datafield tag="653" ind2=" " ind1=" ">
      <subfield code="a">Adaptación escolar - Tesis doctorales</subfield>
   </datafield>
   <datafield ind2="0" ind1="0" tag="245">
      <subfield code="a">Percepción, adaptación y estrés como indicadores de inteligencia emocional en una muestra de alumnos y alumnas de 5º Y 6º de Primaria de Vélez-Málaga</subfield>
   </datafield>
</record>
</metadata></record></GetRecord></OAI-PMH>